Maximum Discharge of Rivers in Canada Quiz Stats

Quiz not verified by Sporcle

Challenge
Share
Tweet
Embed
Score 0/10 Timer 03:00
0 Plays Today
Max. Discharge (in meters3 per sec) River Name % Correct
9850St. Lawrence
94.7%
9700Mackenzie
89.5%
2300Yukon
71.1%
3540Fraser
65.8%
1914Churchill
55.3%
2790Columbia
50%
3130Nelson
42.1%
3359La Grande
13.2%
2010Koksoak
7.9%
1370Moose
7.9%

You're not logged in!

Compare scores with friends on all Sporcle quizzes.
Sign Up with Email
OR
Log In

You Might Also Like...

Show Comments

Extras

Top Quizzes Today


Score Distribution

Your Account Isn't Verified!

In order to create a playlist on Sporcle, you need to verify the email address you used during registration. Go to your Sporcle Settings to finish the process.